000 00900nam0a22002531 4500
001 rc\1185204
005 20250622212909.0
035 _a(NLR Aleph) 006426877
090 _a5507581
_c5507581
100 _a20041129d1980 |||y0rusy50 ca
101 0 _arus
102 _aRU
105 _ay |||||||||
200 1 _aТочные методы вычисления интегралов типа Коши
_fОтв. ред. А.Я. Александров
210 _aНовосибирск
_cНаука. Сиб. отд-ние
_d1980
215 _a121 с.
_d21
300 _aВ надзаг.: АН СССР, Сиб. отд-ние. ВЦ (Красноярск)
320 _aБиблиогр.: с. 119 (12 назв.)
700 1 _aПыхтеев
_bГ.Н.
_gГеоргий Николаевич
801 0 _aRU
_bNLR
_gpsbo
801 1 _aRU
_bELAR
_2rusmarc
852 _aNLR
_j81-5/1761
942 _cBOOK
980 _aNB